000 00782na a2200241 4500
001 15334
003 MIRAKIL
005 20181213154743.0
008 160919b tu 000 0
020 _a7501222738
035 _a15334
040 _aMilas
_btur
_cTR-AnCHP
041 _aeng
082 _a327.51
_bM55c 2004
090 _a327.51 M55c 2004
110 _aMinistry of Foreign Affairs of the People's Republic of China
245 _aChina's foreign affairs
_cMinistry of Foreign Affairs of the People's Republic of China
260 _aÇin
_bMinistry of Foreign Affairs of the People's Republic of
_c2004
300 _a585 s.
_btbl.
_c28 cm.
546 _aMetin Çince'den İngilizce'ye çevrilmiştir.
651 _aÇin
_xUluslararası ilişkiler
942 _2dcc
_cBKS
999 _c311
_d311